| 000 | 00544nam a2200181 a 4500 | ||
|---|---|---|---|
| 001 | 000017111 | ||
| 003 | DO-SdBNP | ||
| 005 | 20220729095322.0 | ||
| 008 | 100317s1902 dr 000 0 spa d | ||
| 040 |
_aDO-SdBNP _bspa _cBNPHU |
||
| 082 |
_axxx _bA188s |
||
| 245 | 0 | 0 | _aActual situación jurídica de la concesión puerto, muelle y enramada de San Pedro de Macorís. / |
| 260 |
_aSanto Domingo : _bLa Cuna de América, _c1902. |
||
| 300 |
_a127 p. ; _c24 cm. |
||
| 590 | _aInventariado, 2022/ YL | ||
| 910 | _aYLockward | ||
| 942 |
_2ddc _cLBS1 |
||
| 999 |
_c16637 _d16637 |
||